[Event "Titled Tue 3rd Jun Early"]
[Site "chess.com INT"]
[Date "2025.06.03"]
[Round "1"]
[White "Tyukhanov, Alexey"]
[Black "Tristan, Leonardo"]
[Result "0-1"]
[WhiteTitle "CM"]
[BlackTitle "GM"]
[WhiteElo "2218"]
[BlackElo "2536"]
[WhiteFideId "24149829"]
[BlackFideId "113816"]
[EventDate "2025.06.03"]

1. e4 d5 2. exd5 Qxd5 3. Nf3 Bg4 4. Be2 Nc6 5. O-O O-O-O 6. h3 Bxf3 7. Bxf3 Qd7
8. d3 Nd4 9. Be3 Nxf3+ 10. Qxf3 Qd5 11. Qg4+ Qd7 12. Nc3 Qxg4 13. hxg4 Nf6 14.
f3 Nd5 15. Nxd5 Rxd5 16. Kf2 e6 17. Ke2 Bc5 18. Bf4 Bd6 19. Bxd6 cxd6 20. c4 Ra5
21. a4 Re5+ 22. Kd2 a5 23. d4 Rg5 24. Rab1 h5 25. Rh1 Rh6 26. Rxh5 Rhxh5 27.
gxh5 Rxg2+ 28. Kc3 Rg3 29. b4 Rxf3+ 30. Kd2 axb4 31. Rg1 Kd7 32. Rxg7 Ke7 33.
Rg8 Kf6 34. Rb8 Ra3 35. Rxb7 Rxa4 36. c5 dxc5 37. dxc5 Ra5 38. c6 Rxh5 39. Rxb4
Rc5 40. Rb6 Ke5 41. Kd3 Kd6 42. Rb7 f5 43. Rd7+ Kxc6 44. Re7 Kd6 45. Re8 Ke5 46.
Ke3 Rc3+ 47. Kd2 Ra3 48. Ke2 Kd5 49. Kf2 e5 50. Rf8 f4 51. Ra8 Rxa8 0-1

[Event "Titled Tue 3rd Jun Early"]
[Site "chess.com INT"]
[Date "2025.06.03"]
[Round "1"]
[White "Khodzhamkuliev, Bahadur"]
[Black "Sklokin, Sergey"]
[Result "0-1"]
[BlackTitle "FM"]
[WhiteElo "2093"]
[BlackElo "2311"]
[WhiteFideId "24135046"]
[BlackFideId "55730230"]
[EventDate "2025.06.03"]

1. Nf3 c5 2. b4 cxb4 3. a3 bxa3 4. c4 e6 5. g3 d5 6. cxd5 exd5 7. Bg2 Nf6 8. O-O
a2 9. Rxa2 Nc6 10. d4 Be7 11. Bg5 O-O 12. Bxf6 Bxf6 13. Nc3 Be6 14. e3 a6 15.
Qb3 b5 16. Rfa1 b4 17. Na4 Be7 18. Ne1 Na5 19. Qb1 b3 20. Rb2 Nc4 21. Rxb3 Nd2
22. Qd3 Nxb3 23. Qxb3 Qb8 24. Qa2 Rd8 25. Nd3 a5 26. Ndc5 Qc7 27. Nxe6 fxe6 28.
e4 Kh8 29. exd5 exd5 30. Bxd5 Rab8 31. Bf3 Rxd4 32. Qf7 Rf8 33. Qb3 Rb4 34. Qd3
Bf6 35. Ra2 Bd4 36. Be4 g6 37. Rc2 Qxc2 38. Qxc2 Rxf2 39. Qxf2 Bxf2+ 40. Kxf2 0-1

[Event "Titled Tue 3rd Jun Early"]
[Site "chess.com INT"]
[Date "2025.06.03"]
[Round "1"]
[White "Kolb, Tobias"]
[Black "Logozar, Elijah"]
[Result "1-0"]
[WhiteTitle "FM"]
[WhiteElo "2402"]
[BlackElo "1945"]
[WhiteFideId "12992321"]
[BlackFideId "30963788"]
[EventDate "2025.06.03"]

1. d4 Nf6 2. c4 e5 3. dxe5 Ne4 4. Nf3 Nc6 5. Nbd2 Bb4 6. a3 Bxd2+ 7. Bxd2 O-O 8.
e3 Re8 9. Bd3 Nxd2 10. Qxd2 Qe7 11. Qc2 h6 12. O-O Nxe5 13. Nxe5 Qxe5 14. c5 b6
15. Rfc1 c6 16. b4 Bb7 17. Rab1 Rad8 18. Be2 d5 19. b5 Rc8 20. bxc6 Rxc6 21. Qa4
Rxc5 22. Rxc5 bxc5 23. Rxb7 d4 24. Bc4 Rf8 25. exd4 cxd4 26. Qd7 Qe4 27. h3 Kh8
28. Qd5 Qe1+ 29. Bf1 Qc3 30. Rxa7 Qb2 31. Rxf7 Rxf7 32. Qxf7 Qxa3 33. Qe8+ Kh7
34. Qe4+ g6 35. Qxd4 Qf8 36. Qd7+ Kh8 37. Bd3 Qf6 38. Qe8+ Kg7 39. Qxg6+ Qxg6
40. Bxg6 Kxg6 41. g4 1-0

[Event "Titled Tue 3rd Jun Early"]
[Site "chess.com INT"]
[Date "2025.06.03"]
[Round "1"]
[White "Bernat, David"]
[Black "King, Alexander"]
[Result "1-0"]
[BlackTitle "FM"]
[WhiteElo "1917"]
[BlackElo "2263"]
[WhiteFideId "2099225"]
[BlackFideId "2063620"]
[EventDate "2025.06.03"]

1. c4 e6 2. e4 d5 3. cxd5 exd5 4. exd5 Nf6 5. Bb5+ Bd7 6. Bc4 Bd6 7. Qe2+ Be7 8.
Nf3 O-O 9. O-O Re8 10. d4 Bg4 11. Nc3 Bb4 12. Qd3 Nbd7 13. Bg5 h6 14. Bh4 Be7
15. Bg3 Nb6 16. Bb3 Rc8 17. Ne5 g6 18. d6 Kg7 19. dxe7 Rxe7 20. Nxg4 Nxg4 21.
Rae1 c6 22. Rxe7 Qxe7 23. Qf3 Nf6 24. Be5 Nd7 25. Re1 Re8 26. Bxf6+ 1-0

[Event "Titled Tue 3rd Jun Early"]
[Site "chess.com INT"]
[Date "2025.06.03"]
[Round "1"]
[White "Grot, Blazej"]
[Black "Mateus, Martha"]
[Result "1-0"]
[WhiteTitle "CM"]
[BlackTitle "WIM"]
[WhiteElo "2217"]
[BlackElo "1963"]
[WhiteFideId "21835845"]
[BlackFideId "4401549"]
[EventDate "2025.06.03"]

1. d4 Nf6 2. c4 e6 3. Nc3 Bb4 4. e3 O-O 5. Bd3 d5 6. a3 Bxc3+ 7. bxc3 c6 8. Ne2
Nbd7 9. O-O Re8 10. f4 Ne4 11. Bxe4 dxe4 12. g4 f5 13. Ng3 Nb6 14. Qb3 fxg4 15.
Nxe4 Qh4 16. Ng3 Bd7 17. Bd2 Qh3 18. a4 c5 19. a5 Bc6 20. Rf2 Nd7 21. d5 h5 22.
dxc6 bxc6 23. Qb7 Nf6 24. Qxc6 h4 25. Ne4 g3 26. Nxf6+ gxf6 27. hxg3 hxg3 28.
Qg2 Qh4 29. Rf3 Kf7 30. Rxg3 Rg8 31. Kf2 Rad8 32. Be1 Qh7 33. Qb7+ 1-0

[Event "Titled Tue 3rd Jun Early"]
[Site "chess.com INT"]
[Date "2025.06.03"]
[Round "1"]
[White "Piddubna, Bozhena"]
[Black "Gurel, Ediz"]
[Result "0-1"]
[WhiteTitle "WFM"]
[BlackTitle "GM"]
[WhiteElo "2174"]
[BlackElo "2636"]
[WhiteFideId "34109293"]
[BlackFideId "44507356"]
[EventDate "2025.06.03"]

1. d4 Nf6 2. c4 e5 3. dxe5 Ng4 4. e4 Nxe5 5. Nc3 Nbc6 6. Nf3 Nxf3+ 7. Qxf3 Bc5
8. Be3 Bxe3 9. Qxe3 d6 10. Be2 O-O 11. O-O Re8 12. Qd2 Be6 13. Nd5 Bxd5 14. exd5
Ne5 15. f4 Nd7 16. Bd3 Qf6 17. Qc2 g6 18. Kh1 Re3 19. f5 g5 20. Be2 Rae8 21. Bh5
Qh6 22. Bf3 Nf6 23. Qf2 g4 24. Qg3 Kh8 25. Rad1 gxf3 26. Rxf3 Ne4 27. Rxe3 Nxg3+
28. Rxg3 Qf6 29. b3 Re5 30. h3 Rxf5 31. Kh2 h5 32. Re3 Kh7 33. Rde1 Re5 34. Rxe5
dxe5 35. Re4 Qf5 36. Re2 Qf4+ 37. Kg1 Kg6 38. Rf2 Qd4 39. Kf1 Qd1# 0-1

[Event "Titled Tue 3rd Jun Early"]
[Site "chess.com INT"]
[Date "2025.06.03"]
[Round "1"]
[White "Hercegovac, Neven"]
[Black "Kovalchuk, Alexey"]
[Result "1-0"]
[WhiteTitle "FM"]
[BlackTitle "FM"]
[WhiteElo "2211"]
[BlackElo "2304"]
[WhiteFideId "2839135"]
[BlackFideId "24154385"]
[EventDate "2025.06.03"]

1. d4 d5 2. Nf3 e6 3. Bf4 Bd6 4. e3 c5 5. Nbd2 Nf6 6. c3 Qc7 7. Ne5 Nbd7 8. Ndf3
b6 9. Bd3 Bb7 10. h4 a6 11. h5 c4 12. Bc2 Ne4 13. h6 g6 14. Qe2 f6 15. Nxd7 Kxd7
16. Bxd6 Nxd6 17. Nd2 Rae8 18. e4 e5 19. Qg4+ f5 20. exf5 exd4+ 21. Kf1 d3 22.
fxg6+ Kd8 23. g7 Rhg8 24. Bd1 Qe7 25. Bf3 Kc7 26. g3 Qf6 27. Kg2 Re5 28. Rae1
Rf5 29. Rh5 Rxh5 30. Qxh5 d4 31. cxd4 Qxd4 32. Re7+ Kb8 33. Bxb7 Nxb7 34. Rxb7+
Kxb7 35. Qf7+ Kc6 36. Qxg8 1-0

[Event "Titled Tue 3rd Jun Early"]
[Site "chess.com INT"]
[Date "2025.06.03"]
[Round "1"]
[White "Claverie, Christophe"]
[Black "Sheehan, Ethan"]
[Result "1-0"]
[WhiteTitle "IM"]
[WhiteElo "2290"]
[BlackElo "2380"]
[WhiteFideId "605514"]
[BlackFideId "30943965"]
[EventDate "2025.06.03"]

1. d4 Nf6 2. Bg5 d5 3. e3 Ne4 4. Bf4 c5 5. c3 Nc6 6. Nd2 Nxd2 7. Qxd2 Bf5 8. Bd3
Bxd3 9. Qxd3 e6 10. Nf3 Be7 11. O-O O-O 12. dxc5 Bxc5 13. e4 dxe4 14. Qxe4 h6
15. Rad1 Qb6 16. b3 Rad8 17. Bg3 Qa6 18. a4 Be7 19. h3 Qb6 20. Qc2 Bf6 21. Nd2
Qc5 22. Ne4 Qf5 23. Nxf6+ Qxf6 24. b4 Rc8 25. Bd6 Rfd8 26. Qb3 b6 27. a5 bxa5
28. b5 Ne5 29. Rd4 Qg5 30. f4 Qg3 31. fxe5 Rxc3 32. Qb2 Qe3+ 33. Qf2 Qxd4 34.
Qxd4 1-0

[Event "Titled Tue 3rd Jun Early"]
[Site "chess.com INT"]
[Date "2025.06.03"]
[Round "1"]
[White "Kocharin, Timur"]
[Black "Norowitz, Yaacov"]
[Result "0-1"]
[WhiteTitle "FM"]
[BlackTitle "IM"]
[WhiteElo "2324"]
[BlackElo "2400"]
[WhiteFideId "16240936"]
[BlackFideId "2024799"]
[EventDate "2025.06.03"]

1. d4 Nf6 2. c4 e5 3. dxe5 Ne4 4. a3 d6 5. Nf3 Bf5 6. Nbd2 Nc6 7. exd6 Bxd6 8.
b4 Qf6 9. Nxe4 Qxa1 10. Nxd6+ cxd6 11. e3 Qc3+ 12. Qd2 Qxd2+ 13. Kxd2 O-O-O 14.
Bb2 f6 15. Be2 d5 16. c5 Rhe8 17. Nd4 Bd7 18. h3 Ne5 19. Rc1 a6 20. f4 Nc4+ 21.
Bxc4 dxc4 22. Rxc4 Bc6 23. g4 Bd5 24. Rc1 Rd7 25. Rg1 Kc7 26. Ke2 b6 27. Rc1
bxc5 28. Rxc5+ Kb7 29. Nc2 Bg2 30. h4 Bh3 31. g5 Bg4+ 32. Kf2 Rd2+ 33. Kg3 Bd1
34. gxf6 Rxc2 35. Rxc2 Bxc2 36. fxg7 Rxe3+ 37. Kg4 Re8 38. f5 Bb3 39. Kg5 Kc6
40. Kh6 Bg8 41. f6 Kd7 42. Kg5 Ke6 43. a4 Rc8 44. Bd4 Rc4 45. Bc5 a5 46. f7 Kxf7
47. bxa5 Rxc5+ 48. Kh6 Rxa5 49. h5 Ra6+ 50. Kg5 h6+ 51. Kf5 Kxg7 52. Kf4 Ra5 53.
Kg4 Rxa4+ 54. Kg3 Ra5 55. Kf3 Rg5 56. Kf2 Bf7 57. Ke3 Bxh5 58. Kf4 Bg6 59. Ke3
Kf6 60. Kf4 h5 61. Ke3 Rg4 62. Kf3 Bf5 63. Kf2 Ke5 64. Kf3 h4 65. Kf2 h3 66. Kf3
h2 67. Kf2 h1=Q 68. Ke3 Qh3+ 69. Ke2 Rg2+ 70. Kf1 Qh1# 0-1

[Event "Titled Tue 3rd Jun Early"]
[Site "chess.com INT"]
[Date "2025.06.03"]
[Round "1"]
[White "Gunawardhana, Devindya Oshini"]
[Black "Sanal, Vahap"]
[Result "0-1"]
[WhiteTitle "WIM"]
[BlackTitle "GM"]
[WhiteElo "2068"]
[BlackElo "2555"]
[WhiteFideId "29941482"]
[BlackFideId "6300545"]
[EventDate "2025.06.03"]

1. Nf3 d5 2. g3 Bg4 3. Bg2 Nd7 4. d4 c6 5. O-O Ngf6 6. h3 Bh5 7. c3 e6 8. Bf4
Be7 9. Nbd2 O-O 10. Re1 a5 11. e4 dxe4 12. Nxe4 Nxe4 13. Rxe4 Qb6 14. Qd2 a4 15.
Ree1 Rfd8 16. g4 Bg6 17. h4 h5 18. gxh5 Bxh5 19. Bg3 Ra5 20. Qf4 Qxb2 21. Rab1
Qxc3 22. Rec1 Qa3 23. Nd2 Rf5 24. Qc7 Bg6 25. Nc4 Qd3 26. Rd1 Qe2 27. Bf1 Qh5
28. Nd6 Rd5 29. Nxb7 Rf8 30. Bg2 Bxb1 31. Bxd5 Qxd5 32. Rxb1 Bf6 33. Bd6 Bxd4
34. Bxf8 Nxf8 35. Qd8 Qf5 36. Qxd4 Qxb1+ 37. Kg2 Qxb7 0-1

[Event "Titled Tue 3rd Jun Early"]
[Site "chess.com INT"]
[Date "2025.06.03"]
[Round "1"]
[White "Naranjo Moreno, Antonio"]
[Black "Galchenko, Matvey"]
[Result "0-1"]
[WhiteTitle "FM"]
[BlackTitle "IM"]
[WhiteElo "2289"]
[BlackElo "2442"]
[WhiteFideId "2278626"]
[BlackFideId "24175480"]
[EventDate "2025.06.03"]

1. e4 e6 2. d4 d5 3. Nc3 Bb4 4. e5 Ne7 5. a3 Bxc3+ 6. bxc3 c5 7. Qg4 cxd4 8.
Qxg7 Rg8 9. Qxh7 Qc7 10. Ne2 Nbc6 11. f4 Bd7 12. Qd3 dxc3 13. Qxc3 Nf5 14. Rb1
d4 15. Qd3 O-O-O 16. Rg1 Na5 17. g4 Ba4 18. Rb2 Nh4 19. Rg3 Qc5 20. Qh7 Ng6 21.
Qxf7 Bxc2 22. Qxe6+ Kb8 23. Nxd4 Qxd4 24. Be2 Nxf4 25. Rb4 Nxe6 0-1

[Event "Titled Tue 3rd Jun Early"]
[Site "chess.com INT"]
[Date "2025.06.03"]
[Round "1"]
[White "Shevchenko, Yaroslav"]
[Black "Putnam, Liam"]
[Result "0-1"]
[BlackTitle "IM"]
[WhiteElo "2137"]
[BlackElo "2443"]
[WhiteFideId "34144684"]
[BlackFideId "30938279"]
[EventDate "2025.06.03"]

1. e4 c6 2. d4 d5 3. Nd2 g6 4. e5 Bg7 5. Bd3 c5 6. c3 Nc6 7. Ne2 f6 8. f4 cxd4
9. cxd4 Nh6 10. Nf3 Bg4 11. O-O O-O 12. h3 fxe5 13. dxe5 Qb6+ 14. Kh2 Bxf3 15.
Rxf3 e6 16. Be3 Qxb2 17. Rb1 Qxa2 18. Rxb7 Rab8 19. Rc7 Rfc8 20. Rxc8+ Rxc8 21.
Nc3 Qa5 22. Nb5 Nf7 23. Rg3 a6 24. Qg4 Ncxe5 25. Qxe6 Qd8 26. Na7 Rc3 27. fxe5
Bxe5 28. Nc6 Bxg3+ 29. Kxg3 Qc7+ 30. Bf4 Rxd3+ 31. Kg4 h5+ 32. Kh4 Qxf4+ 0-1

[Event "Titled Tue 3rd Jun Early"]
[Site "chess.com INT"]
[Date "2025.06.03"]
[Round "1"]
[White "Andrade, Ivan"]
[Black "Zieba, Hubert"]
[Result "0-1"]
[WhiteTitle "FM"]
[BlackTitle "CM"]
[WhiteElo "2161"]
[BlackElo "2233"]
[WhiteFideId "14800039"]
[BlackFideId "21844704"]
[EventDate "2025.06.03"]

1. e4 c5 2. Nf3 Nc6 3. Bb5 e5 4. O-O Nge7 5. c3 g6 6. d4 exd4 7. cxd4 cxd4 8.
Nxd4 Bg7 9. Be3 O-O 10. Nc3 d5 11. exd5 Nxd5 12. Nxc6 bxc6 13. Bxc6 Nxe3 14.
Qxd8 Rxd8 15. fxe3 Rb8 16. Bd5 Rxb2 17. Bxf7+ Kh8 18. Nd5 Ba6 19. Rfd1 Rb7 20.
Be6 Bxa1 21. Rxa1 Bc4 22. e4 Re8 23. Rc1 Rxe6 24. Rxc4 Rb2 25. Ra4 Rc6 26. h4
Rcc2 27. Nf4 Rxa2 28. Rb4 Rab2 29. Ra4 Rc7 30. e5 Kg8 31. e6 Kf8 32. Kh2 Rbc2
33. Kg3 R2c3+ 34. Kg4 R3c4 35. Ra6 R4c6 36. g3 Rxa6 0-1

[Event "Titled Tue 3rd Jun Early"]
[Site "chess.com INT"]
[Date "2025.06.03"]
[Round "1"]
[White "Laddha, Shubh Jayesh"]
[Black "Modric, Nesa"]
[Result "1-0"]
[WhiteTitle "FM"]
[BlackTitle "CM"]
[WhiteElo "2303"]
[BlackElo "2088"]
[WhiteFideId "30942799"]
[BlackFideId "922579"]
[EventDate "2025.06.03"]

1. e4 c6 2. d4 d5 3. e5 Bf5 4. h4 h5 5. Bd3 Bxd3 6. Qxd3 e6 7. Bg5 Qb6 8. Nd2 c5
9. c4 Ne7 10. Ngf3 Nbc6 11. O-O cxd4 12. Rac1 Nb4 13. Qb3 Nbc6 14. Qc2 Rd8 15.
cxd5 Rxd5 16. Nc4 Qc7 17. Nd6+ Rxd6 18. exd6 Qxd6 19. Rfd1 f6 20. Be3 Nf5 21.
Bxd4 Ncxd4 22. Nxd4 Nxd4 23. Qc8+ Kf7 24. Qc7+ Kg6 25. Qxd6 Bxd6 26. Rxd4 Be5
27. Rd7 Rb8 28. b3 a5 29. Re7 Bf4 30. Rd1 e5 31. g3 Bh6 32. Rdd7 b5 33. Rb7 Rxb7
34. Rxb7 b4 35. Ra7 e4 36. Rxa5 e3 37. fxe3 Bxe3+ 38. Kg2 Bd2 39. Rb5 Bc3 40.
Kf3 Kf7 41. Ke4 Be1 42. Kf3 g6 43. Rb6 g5 44. hxg5 fxg5 45. Rh6 h4 46. g4 Bd2
47. Rd6 Bf4 48. Rd4 Bd6 49. Rxd6 Ke7 50. Rh6 1-0

[Event "Titled Tue 3rd Jun Early"]
[Site "chess.com INT"]
[Date "2025.06.03"]
[Round "1"]
[White "Florescu, Codrut-Constantin"]
[Black "Azizoglu, Ferzan"]
[Result "1-0"]
[WhiteTitle "IM"]
[WhiteElo "2193"]
[BlackElo "2055"]
[WhiteFideId "1202200"]
[BlackFideId "6302726"]
[EventDate "2025.06.03"]

1. d4 d5 2. Nf3 Nf6 3. c4 e6 4. Nc3 Bb4 5. e3 Nbd7 6. Bd2 O-O 7. a3 Be7 8. Rc1
dxc4 9. Bxc4 c5 10. O-O a6 11. e4 b5 12. Ba2 Bb7 13. e5 Nd5 14. Nxd5 exd5 15.
Bb1 c4 16. Qc2 g6 17. Bh6 Re8 18. Qd2 Nf8 19. Ng5 Ne6 20. h4 Nxg5 21. hxg5 Bc8
22. f4 a5 23. f5 Bf8 24. Bxf8 Rxf8 25. e6 fxe6 26. fxg6 hxg6 27. Bxg6 Bd7 28.
Qe3 Qe7 29. Bc2 b4 30. Qe5 b3 31. Bg6 Qg7 32. Rf6 Rxf6 33. Qxf6 Qxf6 34. gxf6
Rf8 35. Rf1 c3 36. bxc3 Bb5 37. Rf2 1-0

[Event "Titled Tue 3rd Jun Early"]
[Site "chess.com INT"]
[Date "2025.06.03"]
[Round "1"]
[White "Soham, Kamotra"]
[Black "Chen, Yidong"]
[Result "1-0"]
[WhiteTitle "IM"]
[WhiteElo "2407"]
[BlackElo "2038"]
[WhiteFideId "46647490"]
[BlackFideId "8607028"]
[EventDate "2025.06.03"]

1. Nf3 Nf6 2. b3 d5 3. Bb2 Bf5 4. d3 e6 5. Nbd2 h6 6. g3 Be7 7. Bg2 O-O 8. O-O
Bh7 9. Ne5 Nbd7 10. e4 Nxe5 11. Bxe5 dxe4 12. Nxe4 Nxe4 13. dxe4 c6 14. Qg4 Bg6
15. h4 h5 16. Qe2 Qa5 17. Bb2 Rfd8 18. c3 Ba3 19. Rad1 Bxb2 20. Qxb2 Rxd1 21.
Rxd1 Rd8 22. Rxd8+ Qxd8 23. Qe2 Qd6 24. Bf3 Qa3 25. Qd2 Kh7 26. Kg2 1-0

[Event "Titled Tue 3rd Jun Early"]
[Site "chess.com INT"]
[Date "2025.06.03"]
[Round "1"]
[White "Matyassy, Lazar"]
[Black "Ostensen, Nicolai Maxime"]
[Result "1-0"]
[WhiteTitle "FM"]
[BlackTitle "FM"]
[WhiteElo "2211"]
[BlackElo "2283"]
[WhiteFideId "17005167"]
[BlackFideId "1546970"]
[EventDate "2025.06.03"]

1. h3 e5 2. a3 d5 3. e3 f5 4. d4 e4 5. c4 c6 6. Nc3 Nf6 7. Nge2 Bd6 8. Nf4 Bxf4
9. exf4 dxc4 10. Bxc4 Nbd7 11. Ba2 Nb6 12. O-O Nbd5 13. Nxd5 Nxd5 14. Be3 O-O
15. Bxd5+ Qxd5 16. Rc1 Be6 17. Rc5 Qd6 18. Re5 Bd5 19. g4 fxg4 20. hxg4 Rae8 21.
Kg2 Rxe5 22. dxe5 Qe7 23. Rh1 g5 24. f5 Qxe5 25. Rh5 Qxb2 26. Rxg5+ Kf7 27. Rh5
Rh8 28. Kg1 Qxa3 29. Qd4 Qf8 30. Bh6 Qg8 31. Rg5 Qxg5 32. Bxg5 Rg8 33. Qf6+ Ke8
34. Qe7# 1-0

[Event "Titled Tue 3rd Jun Early"]
[Site "chess.com INT"]
[Date "2025.06.03"]
[Round "1"]
[White "Iljin, Timofey"]
[Black "Behzad Nazif, Parva"]
[Result "1-0"]
[WhiteTitle "IM"]
[BlackTitle "WIM"]
[WhiteElo "2242"]
[BlackElo "2090"]
[WhiteFideId "14110180"]
[BlackFideId "12563790"]
[EventDate "2025.06.03"]

1. e4 b6 2. b3 Bb7 3. d3 e6 4. Bb2 Nf6 5. Nd2 d6 6. g3 Nbd7 7. Bg2 Be7 8. Ne2
O-O 9. O-O c5 10. e5 Bxg2 11. exf6 Bxf1 12. fxe7 Qxe7 13. Qxf1 e5 14. Qg2 Rad8
15. Re1 f5 16. Nf4 Nf6 17. Nd5 Qe6 18. Nxf6+ Qxf6 19. f4 Rfe8 20. Nc4 b5 21.
fxe5 Qh6 22. Ne3 Qg5 23. h4 Qg6 24. Rf1 dxe5 25. Nxf5 Kh8 26. Kh2 Qe6 27. Qe4
Rd7 28. h5 Rf7 29. h6 g6 30. Ng7 Qe7 31. Rxf7 Qxf7 32. Bxe5 Qf2+ 33. Kh3 Qf1+
34. Kh4 g5+ 35. Kxg5 Qc1+ 36. Kg4 Qd1+ 37. Kh4 Qd2 38. Nf5+ Kg8 39. Qd5+ Kf8 40.
Bg7# 1-0

[Event "Titled Tue 3rd Jun Early"]
[Site "chess.com INT"]
[Date "2025.06.03"]
[Round "1"]
[White "Lloret Ramis, Juan Jose"]
[Black "Begunov, Konstantin"]
[Result "0-1"]
[WhiteTitle "FM"]
[BlackTitle "FM"]
[WhiteElo "2019"]
[BlackElo "2325"]
[WhiteFideId "2204053"]
[BlackFideId "4118510"]
[EventDate "2025.06.03"]

1. d4 d5 2. c4 c6 3. Nc3 Nf6 4. Nf3 dxc4 5. a4 Bg4 6. e3 e5 7. Bxc4 Bxf3 8. Qxf3
exd4 9. exd4 Qxd4 10. Qe2+ Be7 11. Be3 Qe5 12. O-O O-O 13. Rfe1 Bc5 14. Qf3 Bxe3
15. Rxe3 Qc5 16. Bb3 Nbd7 17. Rae1 Qb4 18. Ne4 Nxe4 19. Rxe4 Qb6 20. Re7 Nf6 21.
g4 h6 22. h4 Rad8 23. g5 hxg5 24. hxg5 Nd5 25. g6 fxg6 26. Bxd5+ Rxd5 27. Qc3
Qxf2+ 0-1

[Event "Titled Tue 3rd Jun Early"]
[Site "chess.com INT"]
[Date "2025.06.03"]
[Round "1"]
[White "Zhao, Erick"]
[Black "Gao, Raymond"]
[Result "1-0"]
[WhiteTitle "IM"]
[WhiteElo "2410"]
[BlackElo "2007"]
[WhiteFideId "30946930"]
[BlackFideId "2629429"]
[EventDate "2025.06.03"]

1. e4 c5 2. Nf3 d6 3. d4 cxd4 4. Qxd4 Nc6 5. Qe3 g6 6. Be2 Bg4 7. O-O Bg7 8. Nc3
Nf6 9. Nd5 O-O 10. Rd1 Nxd5 11. exd5 Bxf3 12. Bxf3 Ne5 13. Be2 Qc7 14. Qb3 Rac8
15. c3 a6 16. Be3 b5 17. a4 Nc4 18. Bd4 Bxd4 19. Rxd4 Qc5 20. h3 Rb8 21. axb5
axb5 22. Ra6 Rfc8 23. h4 h5 24. Bf3 Ne5 25. Be4 Ng4 26. Rc6 Qa7 27. g3 Rxc6 28.
dxc6 e5 29. Rd2 Nf6 30. Bxg6 Kg7 31. Bc2 d5 32. Qb4 Qc7 33. Qc5 Rc8 34. Qe3 Qxc6
35. Qxe5 Re8 36. Qg5+ Kf8 37. Qh6+ Kg8 38. Bh7+ Kh8 39. Rxd5 Re1+ 40. Kg2 Qxd5+
41. Be4+ Kg8 42. Bxd5 Nxd5 43. Qg5+ 1-0

[Event "Titled Tue 3rd Jun Early"]
[Site "chess.com INT"]
[Date "2025.06.03"]
[Round "1"]
[White "Aravindhan, Achyuth"]
[Black "Asensio Ramos, Enrique Fernando"]
[Result "0-1"]
[WhiteTitle "CM"]
[BlackTitle "CM"]
[WhiteElo "2098"]
[BlackElo "2206"]
[WhiteFideId "1084216"]
[BlackFideId "2214172"]
[EventDate "2025.06.03"]

1. e4 c5 2. Nf3 d6 3. Bb5+ Nd7 4. O-O a6 5. Ba4 b5 6. Bb3 c4 7. d4 cxb3 8. axb3
Bb7 9. Nc3 g6 10. e5 e6 11. Bg5 Be7 12. Bxe7 Qxe7 13. d5 dxe5 14. d6 Qd8 15. Re1
Ngf6 16. Nxe5 Nxe5 17. Rxe5 O-O 18. Qd3 Nd7 19. Re3 Qf6 20. Rae1 Rfd8 21. Ne4
Bxe4 22. Qxe4 Qxb2 23. c4 bxc4 24. bxc4 Rab8 25. Qc6 Qb6 26. Qf3 Rbc8 27. Qf4
Qc5 28. Re4 Nf8 29. Rd1 Rc6 30. d7 Rc7 31. Re5 Qxc4 32. Re4 Qc2 33. Red4 Rcxd7
34. Rxd7 Qxd1+ 0-1

[Event "Titled Tue 3rd Jun Early"]
[Site "chess.com INT"]
[Date "2025.06.03"]
[Round "1"]
[White "Shevkunov, Vladyslav"]
[Black "Terry, Renato"]
[Result "0-1"]
[BlackTitle "IM"]
[WhiteElo "2073"]
[BlackElo "2508"]
[WhiteFideId "30953448"]
[BlackFideId "3803457"]
[EventDate "2025.06.03"]

1. e4 e6 2. d4 d5 3. Nd2 Be7 4. Ngf3 Nf6 5. Bd3 c5 6. dxc5 dxe4 7. Nxe4 Nxe4 8.
Bxe4 Qxd1+ 9. Kxd1 Bxc5 10. Ke2 Nd7 11. c3 Nf6 12. Bc2 b6 13. Rd1 Bb7 14. Ba4+
Ke7 15. Bg5 Rhd8 16. Bh4 a6 17. Rac1 h6 18. Bg3 Ne4 19. Bc2 Nxg3+ 20. hxg3 f5
21. Ne5 Bd6 22. Nc4 Bc7 23. Ne3 b5 24. Rxd8 Rxd8 25. Rd1 Rc8 26. Bb3 a5 27. a4
bxa4 28. Bxa4 Ba6+ 29. Ke1 Bd6 30. Nc2 Rb8 31. Rb1 Bc5 32. Nd4 Kf6 33. Nc6 Ra8
34. Rd1 Bc4 35. Rd7 Bd5 36. Rc7 Bxg2 37. Nd4 Bxd4 38. cxd4 Rd8 39. Rd7 Rb8 40.
Ra7 Rxb2 41. Rxa5 Rb4 42. Ra6 Rxd4 43. Ke2 Bd5 44. Ke3 Re4+ 45. Kd3 Bc4+ 0-1

[Event "Titled Tue 3rd Jun Early"]
[Site "chess.com INT"]
[Date "2025.06.03"]
[Round "1"]
[White "Dovgaliuk, Oleksandr"]
[Black "Hansen, Sune Berg"]
[Result "0-1"]
[BlackTitle "GM"]
[WhiteElo "2240"]
[BlackElo "2503"]
[WhiteFideId "14167247"]
[BlackFideId "1400266"]
[EventDate "2025.06.03"]

1. e4 c5 2. Nf3 Nc6 3. Nc3 e5 4. Bc4 Be7 5. d3 d6 6. Nd2 Nf6 7. f4 exf4 8. Nf3
Ne5 9. Bxf4 Nxc4 10. dxc4 Be6 11. Qd3 O-O 12. O-O-O Ng4 13. Rhf1 Qa5 14. h3 Ne5
15. Nxe5 dxe5 16. Bxe5 f6 17. Bd6 Bxd6 18. Qxd6 Bxc4 19. Rf5 Rac8 20. Nd5 Rcd8
21. Ne7+ Kf7 22. Rxc5 Rxd6 23. Rxa5 Kxe7 24. Rxa7 Rb8 25. b3 Bb5 26. Ra5 Bc6 27.
Re1 Re6 28. e5 Kf7 29. g4 Rbe8 0-1

[Event "Titled Tue 3rd Jun Early"]
[Site "chess.com INT"]
[Date "2025.06.03"]
[Round "1"]
[White "Bashirli, Saadat"]
[Black "Vlassov, Nikolai"]
[Result "0-1"]
[WhiteTitle "WCM"]
[BlackTitle "IM"]
[WhiteElo "1941"]
[BlackElo "2291"]
[WhiteFideId "13429990"]
[BlackFideId "4103360"]
[EventDate "2025.06.03"]

1. d4 Nf6 2. c4 Nc6 3. Nc3 e5 4. d5 Ne7 5. Nf3 Ng6 6. e4 Bc5 7. h3 a5 8. Bd3 d6
9. Bg5 h6 10. Be3 O-O 11. Bxc5 dxc5 12. g3 Ne8 13. Qd2 Nd6 14. O-O-O Bd7 15. a4
Ra6 16. Nb5 Bxb5 17. cxb5 Ra8 18. b3 Qf6 19. Qe3 c6 20. dxc6 bxc6 21. bxc6 Rfc8
22. Nd2 Rxc6 23. Nc4 Nf8 24. Nxd6 Rxd6 25. Bc4 Rd4 26. f4 Rad8 27. f5 Nd7 28. g4
Nb6 29. Bb5 c4 30. bxc4 Nxc4 31. Qc3 Qg5+ 32. Kc2 Ne3+ 33. Kb3 Nxd1 34. Qf3 Qc1
35. f6 Qb2# 0-1